| 000 | 00629nam a2200205Ia 4500 | ||
|---|---|---|---|
| 001 | 8452 | ||
| 003 | GE_BSU | ||
| 008 | 181216s||||||||xx |||||||||||||| ||und|| | ||
| 040 | _cGE_BSU | ||
| 080 | _a821.353.1-1+821.353.1-11 | ||
| 100 | _aეული, სანდრო | ||
| 245 | _aლექსები, პოემები. | ||
| 245 | _cრედ.: მ. ქოიავა; მხატვ.:დ. დუნდუა | ||
| 260 | _aთბილისი. | ||
| 260 | _bმერანი | ||
| 260 | _c1970. | ||
| 300 | _a183 გვ; 17 სმ. | ||
| 653 | _aლექსები, პოემები. | ||
| 942 | _cBK | ||
| 999 |
_c41771 _d41771 |
||